| 000 | 00816nam a22002057a 4500 | ||
|---|---|---|---|
| 999 |
_c61759 _d61759 |
||
| 005 | 20240429155732.0 | ||
| 008 | 240429s2008 enk||||| |||| 00| 0 eng d | ||
| 020 | _a9780198569541x | ||
| 041 | _aeng | ||
| 080 | _a616.9 The-44 | ||
| 245 |
_aThe Development of Modern Epidemiology: _bPersonal Stories from Those Who Were There / _cEdited by Walter W. Holland, Jørn Olsen, Charles du V. Florey. |
||
| 264 |
_aOxford: _bOxford University Press, _c2008. |
||
| 300 |
_a456 p.: _bill.; _c25 cm. |
||
| 653 | _aეპიდემიოლოგია | ||
| 653 | _aმედიცინა | ||
| 700 |
_aHolland, Walter W. _eრედაქტორი _921981 |
||
| 700 |
_aOlsen, Jørn _eრედაქტორი _921982 |
||
| 700 |
_aFlorey, Charles du V. _eრედაქტორი _921983 |
||
| 942 |
_2udc _cBK |
||